Fr. Conceicao Rodrigues College of Engineering

Vector Mechanics for Engineers Dynamics (Record no. 22207)

MARC details
000 -LEADER
fixed length control field 00352nam a2200157Ia 4500
082 ## - DEWEY DECIMAL CLASSIFICATION NUMBER
Classification number 620.1
Item number BEE/JOH
100 ## - MAIN ENTRY--PERSONAL NAME
Personal name Beer/ F.P./ Johnston/ Russell
250 ## - EDITION STATEMENT
Edition statement 3
245 ## - TITLE STATEMENT
Title Vector Mechanics for Engineers Dynamics
260 ## - PUBLICATION, DISTRIBUTION, ETC.
Name of publisher, distributor, etc. T.M.H.
Date of publication, distribution, etc. 1998
300 ## - PHYSICAL DESCRIPTION
Extent 588
546 ## - LANGUAGE NOTE
Language note ENGLISH
654 ## - SUBJECT ADDED ENTRY--FACETED TOPICAL TERMS
Focus term Engineers Dynamics
942 ## - ADDED ENTRY ELEMENTS (KOHA)
Koha item type BOOK
Holdings
Withdrawn status Lost status Damaged status Not for loan Collection Home library Current library Date acquired Total Checkouts Full call number Barcode Date last seen Price effective from Koha item type
        CRC Fr. Agnel's C.Rodrigues College of Engineering Fr. Agnel's C.Rodrigues College of Engineering 17/03/2023   620.1 BEE/JOH 11510 17/03/2023 17/03/2023 BOOK